000 00367 a2200157 4500
001 175500
020 _a85-10-02440-5
040 _cMagnum
100 _aSchwenck, Terezinha do Carmo
240 1 0 _aAbordagem integrada em ciências 3
_lpor
245 1 0 _aAbordagem integrada em ciências 3
300 _a200
362 0 _a1999
697 _aCIÊNCIAS
942 _cBK
999 _c175500
_d175500